000 00290nam a2200121Ia 4500
005 20251028132339.0
008 251020t2015||||xx |||||||||||||| ||spa||
041 _aspa
100 _aFernández Sessarego, Carlos
245 0 _aDerecho a la identidad personal
260 _c2015
942 _CLB
_cLB
999 _c759
_d759